000 00928cam a2200289 i 4500
001 16739
003 DO-SdUEMH
005 20260102163534.0
007 ta
008 211105s2005 mx a|||gri||| 001 0 spa|u
020 _a9789701048290
040 _aDO-SdUEMH
_bspa
_erda
041 _aspa
_heng
082 1 4 _mCG
_a158.7 L264P
_bL264p
084 _b14-00056
100 _aLandy, Frank J.
_eaut
245 1 0 _aPsicología industrial: introducción a la psicología industrial y organizacional /
_cFrank J. Landy, Jeffrey M. Conte traducción: Lourdes Reyes Ponce, Esperanza López Vázquez
264 0 1 _aMexico, D.F. :
_bMcGraw-hill,
_c2005
264 0 1 _c©2005
300 _axx, 630 páginas :
_bilustraciones ;
_c 27 cm.
336 _2rdacontent
_atexto
_btxt
337 _2rdamedia
_asin mediación
_bn
338 _2rdacarrier
_avolumen
_bnc
504 _aBibliografías en página B-1
942 _2ddc
_cBK
_n0
999 _c16739
_d16739